000 01457cam a2200157 4500500
005 20260208010426.0
041 _afre
042 _adc
100 1 0 _aDepreux, Philippe
_eauthor
245 0 0 _aAlexander WEIHS, Pietas und Herrschaft. Das Bild Ludwigs des Frommen in den Vitae Hludowici , Münster-Berlin-Hambourg-Londres-Vienne, Lit Verlag, 2004; 1 vol., 207 p. (Theologie, 65). ISBN : 3-8258-7450-8. Prix : € 17,90.
260 _c2006.
500 _a37
520 _aJean Gerson’s position towards women (1363-1429). The article discusses the question of Jean Gerson’s (1363-1429) attitude toward women. Based on several texts where women appear in various social roles: as spouses, sisters, mothers and nuns, the study aims at forming a more nuanced opinion on this subject. Particular attention will be paid to the analysis of texts where women appear as independent devotees. While recognizing the complex and even contradictory character of Gerson’s position towards women, the article seeks to place it in the general perspective of his “theological vulgarization” project, through which he aims to leading the largest number of the faithful to a life of contemplation. The author argues that Gerson gives women a new important role in this project.
786 0 _nLe Moyen Age | CXII | 2 | 2006-09-01 | p. XXV-XXV | 0027-2841
856 4 1 _uhttps://shs.cairn.info/revue-le-moyen-age-2006-2-page-XXV?lang=fr&redirect-ssocas=7080
999 _c1656479
_d1656478